|
|
|
|
| LEADER |
00000nam a22000007i 4500 |
| 001 |
IT\ICCU\PUV\0324933 |
| 003 |
ItRI |
| 005 |
20250919154152.0 |
| 008 |
970731s1971 fr |||||| ||||| |||||c |
| 040 |
|
|
|b ita
|c ct
|
| 041 |
|
7 |
|a fre
|2 ISO-639-2
|
| 100 |
1 |
|
|a Leduc, Violette
|0 IT\ICCU\CFIV\108528
|4 aut
|
| 245 |
1 |
3 |
|a Le taxi /
|c Violette Leduc.
|
| 260 |
|
|
|a Paris :
|b Gallimard,
|c 1971
|
| 300 |
|
|
|a 99 p. ;
|c 20 cm.
|
| 942 |
|
|
|2 ddc
|c BK
|
| 952 |
|
|
|0 0
|1 0
|2 ddc
|4 0
|6 B_LNR02LEDVITAX11
|7 0
|9 7772
|a MI
|b MI
|d 2013-01-18
|i 960
|l 0
|o B-LNR02-LEDVI-TAX11
|p CDOM960
|r 2025-07-13 16:28:00
|w 2025-07-13
|x ACQUISTO
|y BK
|
| 981 |
|
1 |
|6 z01
|a i
|b xxxe
|
| 982 |
|
1 |
|6 z01
|a n
|
| 999 |
|
|
|c 6445
|d 6445
|